Jane Welsh Carlyle : a new selection of her letters /

Bibliographic Details
Main Author: Carlyle, Jane Welsh, 1801-1866
Format: Book
Language:English
Published: London : Gollancz, 1949.

MARC

Tag First Indicator Second Indicator Subfields
LEADER 00000cam a2200000 4500
001 in00000034881
005 20151007063431.0
008 790611s1949 enkacj b 00010 eng
010 |a  50001202  
035 |a (OCoLC)05055765 
035 |9 AAD7395AM 
040 |a DLC  |c ZYU  |d TXA  |d UtOrBLW 
049 |a TXAM  |c [182098] 
050 0 0 |a PR4419.C5  |b A84 
082 0 |a 928.2 
092 |a 826  |b C286Ycj 
100 1 |a Carlyle, Jane Welsh,  |d 1801-1866. 
245 1 0 |a Jane Welsh Carlyle :  |b a new selection of her letters /  |c arr. by Trudy Bliss. 
264 1 |a London :  |b Gollancz,  |c 1949. 
300 |a 355 pages :  |b illustrations, portraits, genealogical table. ;  |c 23 cm. 
336 |a text  |b txt  |2 rdacontent 
337 |a unmediated  |b n  |2 rdamedia 
338 |a volume  |b nc  |2 rdacarrier 
504 |a Bibliography: pages 346-347. 
999 |a MARS 
999 f f |s 874ce57d-0700-30b5-8de0-1361cc4779e9  |i 5095f2f6-62c6-38c4-b7f3-1074bc23d8b9  |t 0 
952 f f |p normal  |a Texas A&M University  |b College Station  |c Sterling C. Evans Library  |d Evans: Library Stacks  |t 0  |e PR4419.C5 A84  |h Library of Congress classification  |i unmediated -- volume  |m A14801341511 
998 f f |a PR4419.C5 A84  |t 0  |l Evans: Library Stacks